| 000 | 00639nam a2200229 a 4500 | ||
|---|---|---|---|
| 001 | 14292 | ||
| 003 | BD-JhCC | ||
| 005 | 20250302093122.0 | ||
| 008 | 250302b2006 e a|||| ||a| 001 0 eng d | ||
| 020 | _a1420013645 | ||
| 035 | _a(BD-JhCC)14292 | ||
| 040 |
_aBD-JhCC _dBD-JhCC |
||
| 041 | _aenglish | ||
| 082 |
_a005 _bWAG 2006 |
||
| 100 | _a Wagner,Ferdinand | ||
| 245 |
_aModeling software with finite state machines : _ba practical approach / _cFerdinand Wagner. |
||
| 260 |
_aNew York: _b Auerbach; _c2006. |
||
| 300 |
_axix, 369 p. : _bill; _c24 cm. |
||
| 650 | _aComputer software Development | ||
| 942 |
_2ddc _cBK |
||
| 999 |
_c14292 _d14292 |
||